000 00897nam a22002897a 4500
001 240028
003 DO-SdBNP
005 20180402100802.0
007 240028
008 160318b 2001 mx 00| 0 spa d
020 _a9684445210
040 _aBNPHU
_bspa
_cBNPHU
245 1 0 _aGuía de estudio de historia universal para bachillerato /
_cHumberto Sánchez Córdova ... [et al.].
246 1 0 _aHistoria universal
260 _aMéxico :
_bPearson Educación,
_c2001.
300 _ax, 188 p. :
_bil. ;
_c27 cm.
490 1 _aGuías de estudio Pearson
700 1 _aSánchez Córdova, Humberto
700 1 _aParcero I., Rosa Ma.
700 1 2 _aRomo Medrano, Lilia Estela
700 1 _aBecerra Juárez, Efraín
700 1 _aKatyna Goytia Rodríguez
830 0 _pGuías de estudio Pearson
942 _2ddc
_cBK
945 _aInventariado, 2018 LP
956 _aLOPEREZ
_b10
_c20160916
_hBPMSU
999 _c9327
_d9327